| 000 | 00330nam a2200121Ia 4500 | ||
|---|---|---|---|
| 008 | 190902s9999||||xx |||||||||||||| ||und|| | ||
| 020 | _a1-55963-175-9 | ||
| 100 | _aServices Book club | ||
| 245 | 0 | _aQuaid-I-Azam Muhammad Ali Jinnah Speeches and Statements | |
| 260 |
_aLondon _bPrentice Hall _c1989 |
||
| 300 | _a282 | ||
| 942 | _cBK | ||
| 999 |
_c2839 _d2839 |
||